"Oğlum!... Ülken seninle gurur duyacak" (Record no. 11228)

MARC details
000 -BAŞLIK
Sabit Uzunlukta Kontrol Alanı 00561ng a2200229 4500
001 - KONTROL NUMARASI
Denetim Alanı 21573
003 - KONTROL NUMARASI IDENTIFIER
Denetim Alanı MIRAKIL
005 - SON İŞLEM TARİHİ VE ZAMANI
Denetim Alanı 20181226092500.0
008 - SABİT-BOY VERİ ELEMANLARI - GENEL BİLGİLER
Sabit Uzunlukta Kontrol Alanı 170205b tu -- aa
040 ## - KATALOGLAMA KAYNAK
Orijinal Kataloglama Ajansı Milas
Kataloglama Dili tur
Metne Dönüştürmek Ajansı TR-AnCHP
041 ## - DİL KODU
Metin / Ses Parça Veya Ayrı Başlığın Dil Kodu tur
090 ## - SINIFLAMA NUMARASI
Sınıflama Numarası AFİŞ 148
245 ## - BAŞLIK TABLOSU
Başlık "Oğlum!... Ülken seninle gurur duyacak"
260 ## - YAYIN, DAĞITIM, VB
Yayın, Dağıtım, Vb Yeri [y.y.]
Yayın, Dağıtım, Vb Tarihi [t.y.]
Üretici Firma CHP
300 ## - FİZİKSEL TANIM
Diğer Fiziksel Ayrıntıları rnkl.
Boyutlar 55x40 sm.
500 ## - GENEL NOT
Genel Not Deniz Baykal resimli afiş
600 ## - KONU KATMA GİRİŞ - KURUMSAL ADI
Kişisel Ad Baykal, Deniz
Genel Alt Bölümü Afişler
610 ## - KONU KATMA GİRİŞ - TOPLANTI ADI
Giriş Elemanı Olarak Kurumsal Ad Veya Yargı Alanı Adı CHP
710 ## - KATMA GİRİŞ - KURUMSAL ADI
Giriş Elemanı Olarak Kurumsal Ad Veya Yargı Alanı Adı CHP
942 ## - EKLENDİ GİRİŞ ELEMANLARI (KOHA)
Sınıflandırma Veya Raf Düzeni Kaynak Dewey Decimal Classification
Koha Öğesi Türü Visual Material
999 ## - SİSTEM KONTROL NUMARALARI (KOHA)
Koha Biblionumber 11228
Koha Biblioitemnumber 11228
Holdings
Kullanım Kısıtlamaları Kalıcı Konum Mevcut Konum Edinme Tarihi Kodlu Konum Eleme Toplam Check-Out'Lar Tam Çağrı Numarası Barkod Tarih Son Görülme Kopya Sayısı İtibaren Geçerli Fiyatlar Koha Öğesi Türü
Kütüphane dışına çıkarılamaz CHP Kütüphanesi CHP Kütüphanesi 02/05/2017 AFİŞLER   AFİŞ 148 G10110 02/05/2017 k.6 02/05/2017 Visual Material